Modelos de enseñanza

में बचाया:
ग्रंथसूची विवरण
मुख्य लेखकों: Joyce, Bruce R (लेखक), Weil, Marsha (लेखक), Calhoun, Emily (लेखक)
स्वरूप: पुस्तक
भाषा:स्पेनिश
प्रकाशित: Barcelona Gedisa 2002
श्रृंखला:Biblioteca de Educación
विषय:
टैग: टैग जोड़ें
कोई टैग नहीं, इस रिकॉर्ड को टैग करने वाले पहले व्यक्ति बनें!

MARC

LEADER 00000nam a2200000 a 4500
001 UCL0186
003 CL-VaPUC
008 030627e20020000SP |||||||||||||||||spa|d
082 0 4 |a 371.3  |b JOY  |2 21 
100 |a Joyce, Bruce R  |e author  |9 476981 
700 0 |a Weil, Marsha  |e author  |9 476982 
700 0 |a Calhoun, Emily  |e author  |9 476983 
245 1 0 |a Modelos de enseñanza 
300 |a 605 p 
942 |c BK 
945 |d 20030627 00:00:00  |a cmena 
260 |a Barcelona  |b Gedisa  |c 2002 
650 0 |a Métodos de enseñanza  |9 270413 
650 0 |a Innovaciones pedagógicas  |9 307471 
650 0 |a Planificación del currículo  |9 269599 
583 |a last modification  |c 20130306 11:54:37  |k Rodrigo Vera 
490 0 |a Biblioteca de Educación 
999 |c 304204  |d 304202 
952 |0 0  |1 0  |4 0  |6 371_300000000000000_JOY_2002  |7 0  |8 A  |9 366095  |a BIBEDU  |b BIBEDU  |d 2019-11-21  |i 3918343  |o 371.3 JOY 2002  |p 3918343  |r 2019-11-21  |w 2019-11-21  |y BK  |k EDU 
952 |0 0  |1 0  |4 0  |6 371_300000000000000_JOY_2002  |7 0  |8 A  |9 366096  |a BIBEDU  |b BIBEDU  |d 2019-11-21  |i 4349288  |o 371.3 JOY 2002  |p 4349288  |r 2019-11-21  |w 2019-11-21  |y BK  |k LIT 
952 |0 0  |1 0  |4 0  |6 371_300000000000000_JOY_2002  |7 0  |8 A  |9 366097  |a BIBEDU  |b BIBEDU  |d 2019-11-21  |i 4364392  |o 371.3 JOY 2002  |p 4364392  |r 2019-11-21  |w 2019-11-21  |y BK  |k EDU